Filosofie kultury Borise Vyšeslavceva /

Uložené v:
Podrobná bibliografia
Hlavný autor: Demjančuková, Dagmar, 1952-
Médium: Kniha
Jazyk:Czech
Vydané: V Plzni : Praha : Západočeská univerzita ; Epocha, 2011.
Vydanie:1. vyd.
Témy:
ISBN: 9788026100461 (Západočeská univerzita : viaz.)
9788074251252 ( Epocha : viaz.)
Fyzický popis: 111 s. ; 21 cm.
Tagy: Pridať tag
Žiadne tagy, Buďte prvý kto otaguje tento záznam!

MARC

LEADER 00000nam a2200000 a 4500
001 000433913
005 20140207092700.0
008 120412s2011 xr e 001 0dcze c
020 |a 9788026100461 (Západočeská univerzita : viaz.) 
020 |a 9788074251252 ( Epocha : viaz.) 
040 |a SVKKK  |b slo  |c SVKKK  |e AACR2 
041 0 |a cze  |b cze  |b eng 
043 |a e-ru--- 
044 |a xr  |c CZ 
072 7 |a 101  |x Filozofia  |2 konspekt 
080 |a 101-051  |2 2001 
080 |a 14(470+571)  |2 2001 
080 |a 130.2  |2 2001 
080 |a (470+571)  |2 2001 
080 |a (048.8)  |2 2001 
100 1 |a Demjančuková, Dagmar,  |d 1952- 
245 1 0 |a Filosofie kultury Borise Vyšeslavceva /  |c Dagmar Demjančuková. 
250 |a 1. vyd. 
260 |a V Plzni :  |b Západočeská univerzita ;  |a Praha :  |b Epocha,  |c 2011. 
300 |a 111 s. ;  |c 21 cm. 
500 |a Poznámky 
504 |a Bibliografia: s. [107]-109; menný register: s. [110]-111 
546 |a Resumé cze., angl. 
600 1 7 |a Vyšeslavcev, Boris Petrovič,  |d 1877-1954  |2 SVKKKMA 
648 7 |a 19.-20. stor.  |2 SVKKKPH 
648 7 |a 20. stor.  |2 SVKKKPH 
650 0 7 |a filozofi  |2 SVKKKPH 
650 0 7 |a ruská filozofia  |2 SVKKKPH 
650 0 7 |a filozofia kultúry  |2 SVKKKPH 
651 7 |a Rusko  |2 SVKKKPH 
655 7 |a štúdie  |2 SVKKKPH 
910 |a svkkk 
919 |a 978-80-261-0046-1 
919 |a 978-80-7425-125-2 
998 |a BK 
090 |g SCKHL  |k Sklad Hlavná 10 prízemie  |a III.227323  |j 1048845  |i 2720291017  |s Absenčne